Normal view
MARC view
- Trucco, Daniela
Entry Nombre Personal
001 - NUMERO DE CONTROL
- campo de control: 50695
003 - IDENTIFICADOR DE NUMERO DE CONTROL
- campo de control: MX-MxUPN
005 - FECHA Y HORA DE LA ÜLTIMA TRANSACCIÓN
- campo de control: 20231206191823.0
008 - DATOS DE LONGITUD FIJA
- campo de control de longitud fija: 231206nn fnnnnaabn n aaa d
040 ## - FUENTE DE CATALOGACIÓN
- Agencia original de catalogación: MX-MxUPN
- Lenguaje de catalogación: spa
100 1# - ENCABEZAMIENTO - NOMBRE PERSONAL
- Nombre personal: Trucco, Daniela
670 ## - FUENTE EN LA QUE SE LOCALIZARON DATOS
- Cita de la fuente: Educación en tiempos de pandemia, 2022 :
- Información localizada: (Daniela Trucco)
902 ## - CATALOGADOR
- Catalogador: VíctorGodínez/061223
